| 000 | 00459nam a2200193Ia 4500 | ||
|---|---|---|---|
| 005 | 20250423101404.0 | ||
| 008 | 250422s9999 xx 000 0 und d | ||
| 020 | _a9781472415493 | ||
| 050 | _aSB 472.45 .R64/ | ||
| 100 | _aRobinson, Nick | ||
| 245 | 4 | _aThe planting design handbook | |
| 250 | _a3rd ed. | ||
| 260 | _aLondon | ||
| 260 | _bRoutledge | ||
| 260 | _c2016 | ||
| 300 | _a73 p | ||
| 650 | _aPlanting design. Landscape design | ||
| 942 | _cBK | ||
| 999 |
_c36162 _d36162 |
||